书目信息 |
| 书名: | One-Car Caravan | |
| 作者: | Walter Shapiro | |
| 分册号: | ||
| 分册名: | 出版地: | New York |
|
| 出版社: | PublicAffairs | |
| 出版时间: | 2010 | |
| 页数: | 220p | |
| 开本: | 23cm | |
| 丛书名: | ||
| 中图分类号: | ||
| 科图分类号: | ||
| 其他分类号: | D771.224 | |
| 主题词: | ||
| 电子资源: | ||
| 000 | 00500nam0 2200193 450 | |
| 001 | 052012179896 | |
| 005 | 20121107154658.0 | |
| 008 | 20021229d1997 em y0chiy0121 ea | |
| 020 | @a978-1-5864-8187-2@bHARD@c$25.00 | |
| 041 | @aeng | |
| 091 | @aD771.224 | |
| 099 | @dD771.224@eW234 | |
| 100 | @aWalter Shapiro | |
| 245 | 10 | @aOne-Car Caravan @cWalter Shapiro |
| 260 | @aNew York@bPublicAffairs@c2010 | |
| 300 | @a220p@c23cm | |
| 521 | @aOne-Car Caravan | |
| 905 | @b7381-3 | |
| 905 | @aTSG@dD771.224@eW234 | |
| One-Car Caravan / Walter Shapiro.-New York : PublicAffairs , 2010 |
| 220p ; 23cm |
| One-Car Caravan |
| ISBN 978-1-5864-8187-2HARD$25.00 |
| ● |
| 相关链接 |
|
|
|
正题名:One-Car Caravan
索取号:D771.224/W234
 
预约/预借
| 序号 | 登录号 | 条形码 | 馆藏地/架位号 | 状态 | 备注 |
| 1 | 7381 | 300073818 | 社科库509/509社科库 53排2列3层/ [索取号:D771.224/W234] | 在馆 | |
| 2 | 7382 | 300073827 | 社科库509/509社科库 53排2列3层/ [索取号:D771.224/W234] | 在馆 | |
| 3 | 7383 | 300073836 | 社科库509/509社科库 53排2列3层/ [索取号:D771.224/W234] | 在馆 |